Aplicación móvil para la gestión de reserva de matrícula de alumnos activos en el sistema educativo oficial público de la educación básica y media de Nicaragua

Presenta el desarrollo de una aplicación para dispositivos móviles en plataforma Android para la gestión de reserva de matrícula de alumnos activos en el sistema educativo oficial público de la educación básica y media de Nicaragua, así como la definición del alcance del proyecto y la integ...

Full description

Bibliographic Details
Main Authors: Aburto Sánchez, Xochilt Margarita, Céspedes Rosales, Valeria
Other Authors: Tutor: Flores Delgadillo, Johnny
Format: Tesis Section = Libro
Language:Undetermined
Spanish
Published: Managua UNI 2018
Subjects:
LEADER 01386nam a2200301Ia 4500
008 240830s9999 xx 000 0 und d
040 |a BIBLIOTECA-RUSB/ Mon 005.42 A167 
041 |a spa 
082 |a Mon 005.42 A167 
100 1 |a Aburto Sánchez, Xochilt Margarita 
100 1 |b Céspedes Rosales, Valeria 
245 1 0 |a Aplicación móvil para la gestión de reserva de matrícula de alumnos activos en el sistema educativo oficial público de la educación básica y media de Nicaragua 
260 |a Managua  |b UNI  |c 2018 
300 |a 91 p. :il. 
500 |a Contiene: anexos e Incluye: CD. 
502 |a Tesis (Ingeniero en Computación) - UNI, 2018. 
520 3 |a Presenta el desarrollo de una aplicación para dispositivos móviles en plataforma Android para la gestión de reserva de matrícula de alumnos activos en el sistema educativo oficial público de la educación básica y media de Nicaragua, así como la definición del alcance del proyecto y la integración de los módulos de la aplicación en un solo producto. 
650 7 |a SISTEMAS WEB 
650 7 |b  PAGINA WEB 
650 7 |c  DESARROLLO DE SOFTWARE 
650 7 |d  SITIO WEB 
650 7 |e  BASE DE DATOS 
650 7 |f  TECNOLOGIA HARDWARE Y SOFTWARE 
650 7 |g  APLICACION MOVIL 
700 1 |a Tutor:  |b Flores Delgadillo, Johnny 
942 |c BK  |2 ddc 
991 |a TESIS 
999 |c 19737